[Event "BL2-Nord 2324"]
[Site "Germany"]
[Date "2024.03.17"]
[Round "10.1"]
[White "Olsen, Filip Boe"]
[Black "Kalinitschew, Sergey"]
[Result "1/2-1/2"]
[WhiteElo "2423"]
[BlackElo "2390"]
[PlyCount "129"]
[EventDate "2023.10.21"]
[EventType "team-tourn"]
[EventRounds "10"]
[EventCountry "GER"]
[SourceTitle "EXT 2025"]
[Source "ChessBase"]
[SourceDate "2024.10.14"]
[SourceVersion "1"]
[SourceVersionDate "2024.10.14"]
[SourceQuality "1"]
[WhiteTeam "Kiel Turm II"]
[BlackTeam "Luebeck"]
[WhiteTeamCountry "GER"]
[BlackTeamCountry "GER"]

1. d4 Nf6 2. c4 e6 3. Nc3 d5 4. cxd5 exd5 5. Bg5 Nbd7 6. e3 c6 7. Bd3 Bd6 8. Qc2 h6 9. Bh4 a5 10. Nf3 Qc7 11. 0-0 0-0 12. Rac1 Qb8 13. e4 dxe4 14. Nxe4 Nxe4 15. Bxe4 Nb6 16. Rfe1 Be6 17. Ne5 Nd5 18. Qe2 Qa7 19. Rcd1 Rae8 20. Bb1 Qb8 21. a3 f5 22. Qc2 Bc8 23. Bg3 Re6 24. Re2 Bxe5 25. Bxe5 Qa7 26. Rd3 Qa6 27. Rg3 Rf7 28. Ba2 Bd7 29. h4 Qa8 30. h5 Qe8 31. Bb1 Ree7 32. Qd2 f4 33. Rg6 Bf5 34. Bxf5 Rxf5 35. Qd3 Rxh5 36. Rxg7+ Rxg7 37. Bxg7 Qf7 38. Be5 Qf5 39. Qxf5 Rxf5 40. Rc2 Rf8 41. Rc5 Ra8 42. Kf1 f3 43. gxf3 Kf7 44. Kg2 Ke6 45. Kg3 Kf5 46. Kh4 Kg6 47. Kg4 h5+ 48. Kh4 Ra6 49. a4 Rb6 50. Rxa5 Rxb2 51. Ra7 Ne7 52. a5 Nf5+ 53. Kh3 Rxf2 54. Rxb7 Rxf3+ 55. Kg2 Ra3 56. Rb6 Rxa5 57. Rxc6+ Kg5 58. Rc8 Ra2+ 59. Kh3 Ra3+ 60. Kg2 Ne3+ 61. Kf2 Ng4+ 62. Kg2 h4 63. Rg8+ Kf5 64. Rf8+ Ke6 65. Rh8 1/2-1/2

[Event "BL2-Nord 2324"]
[Site "Germany"]
[Date "2024.02.24"]
[Round "7.1"]
[White "Kalinitschew, Sergey"]
[Black "Socko, Bartosz"]
[Result "0-1"]
[WhiteElo "2390"]
[BlackElo "2544"]
[PlyCount "66"]
[EventDate "2023.10.21"]
[EventType "team-tourn"]
[EventRounds "10"]
[EventCountry "GER"]
[SourceTitle "EXT 2025"]
[Source "ChessBase"]
[SourceDate "2024.10.14"]
[SourceVersion "1"]
[SourceVersionDate "2024.10.14"]
[SourceQuality "1"]
[WhiteTeam "Luebeck"]
[BlackTeam "St Pauli"]
[WhiteTeamCountry "GER"]
[BlackTeamCountry "GER"]

1. d4 Nf6 2. Bf4 d5 3. e3 e6 4. Nd2 c5 5. c3 Nc6 6. Ngf3 Be7 7. Ne5 Qb6 8. Rb1 Nd7 9. h4 Ndxe5 10. dxe5 Bd7 11. h5 0-0-0 12. Nf3 Rdg8 13. Bd3 g5 14. hxg6 hxg6 15. Ke2 f5 16. Rxh8 Rxh8 17. b4 Qd8 18. bxc5 g5 19. Bg3 Bxc5 20. Nd4 Na5 21. Qc2 Bb6 22. f3 Qc7 23. Qb2 Nc4 24. Bxc4 Qxc4+ 25. Kf2 Qd3 26. Qc1 Kb8 27. Rb3 Rc8 28. Kg1 Ba4 29. Ra3 f4 30. Bf2 Rc4 31. Kh2 fxe3 32. Qxe3 Qxe3 33. Bxe3 Bc5 0-1

[Event "BL2-Nord 2324"]
[Site "Germany"]
[Date "2024.02.03"]
[Round "5.1"]
[White "Von Mettenheim, Johannes"]
[Black "Kalinitschew, Sergey"]
[Result "1/2-1/2"]
[WhiteElo "2275"]
[BlackElo "2390"]
[PlyCount "95"]
[EventDate "2023.10.21"]
[EventType "team-tourn"]
[EventRounds "10"]
[EventCountry "GER"]
[SourceTitle "EXT 2025"]
[Source "ChessBase"]
[SourceDate "2024.10.14"]
[SourceVersion "1"]
[SourceVersionDate "2024.10.14"]
[SourceQuality "1"]
[WhiteTeam "Lister Turm II"]
[BlackTeam "Luebeck"]
[WhiteTeamCountry "GER"]
[BlackTeamCountry "GER"]

1. d4 Nf6 2. c4 e6 3. Nf3 b6 4. g3 Ba6 5. Qc2 Bb4+ 6. Bd2 Bxd2+ 7. Nbxd2 0-0 8. Bg2 d5 9. 0-0 Nbd7 10. Rfd1 c5 11. Qa4 Bb7 12. Rac1 Qe7 13. Qa3 Rfd8 14. cxd5 Bxd5 15. Nb3 a5 16. dxc5 a4 17. Nbd4 Nxc5 18. Ne5 Bxg2 19. Kxg2 Qc7 20. Ndf3 Qb7 21. Rxd8+ Rxd8 22. Qb4 Nfe4 23. Nc4 Rb8 24. Rd1 h6 25. Qb5 g5 26. Kg1 Qc7 27. Rd4 Nf6 28. Rd6 Nce4 29. Qc6 Qxc6 30. Rxc6 b5 31. Nd6 Nxd6 32. Rxd6 Rc8 33. Rb6 Rc2 34. Rxb5 Rxe2 35. Nd4 Rd2 36. Nf3 Rc2 37. Rb4 a3 38. bxa3 Rxa2 39. Ne5 Re2 40. f4 gxf4 41. gxf4 Nd5 42. Rb8+ Kg7 43. Rb7 Nxf4 44. Rxf7+ Kg8 45. Rxf4 Rxe5 46. a4 Re3 47. Kf2 Ra3 48. Rf6 1/2-1/2

[Event "BL2-Nord 2324"]
[Site "Germany"]
[Date "2023.12.03"]
[Round "4.1"]
[White "Kalinitschew, Sergey"]
[Black "Glek, Igor Vladimirovich"]
[Result "1/2-1/2"]
[WhiteElo "2390"]
[BlackElo "2429"]
[PlyCount "82"]
[EventDate "2023.10.21"]
[EventType "team-tourn"]
[EventRounds "10"]
[EventCountry "GER"]
[SourceTitle "EXT 2025"]
[Source "ChessBase"]
[SourceDate "2024.10.14"]
[SourceVersion "1"]
[SourceVersionDate "2024.10.14"]
[SourceQuality "1"]
[WhiteTeam "Luebeck"]
[BlackTeam "Pankow Rotation"]
[WhiteTeamCountry "GER"]
[BlackTeamCountry "GER"]

1. d4 d5 2. c4 dxc4 3. Nf3 a6 4. e3 Bg4 5. Bxc4 e6 6. Nbd2 Nc6 7. Be2 Nf6 8. b3 Bb4 9. a3 Bxd2+ 10. Bxd2 Ne4 11. Rc1 Qd6 12. b4 0-0 13. 0-0 a5 14. bxa5 Nxd2 15. Nxd2 Bxe2 16. Qxe2 Nxa5 17. Rc5 b6 18. Rc3 e5 19. Ne4 Qg6 20. Qc2 Rfe8 21. f3 exd4 22. exd4 c6 23. a4 b5 24. axb5 cxb5 25. Qb2 Rab8 26. Rfc1 Nc4 27. Qf2 Red8 28. Rb1 Nd6 29. Re1 Nf5 30. Rd1 b4 31. Rb3 Qe6 32. Rbd3 b3 33. Qb2 Qb6 34. Ng3 Nxg3 35. hxg3 Rd5 36. Re1 Rb5 37. Ree3 h5 38. Kh2 Qd6 39. Rxb3 Rxb3 40. Rxb3 Rxb3 41. Qxb3 Qxd4 1/2-1/2

[Event "Oberliga Nord N 2223"]
[Site "Germany"]
[Date "2023.02.05"]
[Round "5.1"]
[White "Zimmermann, Julian"]
[Black "Kalinitschew, Sergey"]
[Result "0-1"]
[WhiteElo "2298"]
[BlackElo "2390"]
[PlyCount "96"]
[EventDate "2022.10.23"]
[EventType "team-tourn"]
[EventRounds "9"]
[EventCountry "GER"]
[SourceTitle "EXT 2025"]
[Source "ChessBase"]
[SourceDate "2024.10.14"]
[SourceVersion "1"]
[SourceVersionDate "2024.10.14"]
[SourceQuality "1"]
[WhiteTeam "Hamburg Koenigsspringer"]
[BlackTeam "Luebeck"]
[WhiteTeamCountry "GER"]
[BlackTeamCountry "GER"]

1. e4 c5 2. Nc3 Nc6 3. Bb5 Nd4 4. Nf3 a6 5. Bd3 Nc6 6. Be2 e6 7. d4 cxd4 8. Nxd4 Qc7 9. 0-0 Nf6 10. Nxc6 bxc6 11. Bd3 d5 12. Qe2 Be7 13. Bg5 Bb7 14. e5 Nd7 15. Bxe7 Kxe7 16. Rfe1 a5 17. Na4 c5 18. Bb5 Nb6 19. Qg4 Rag8 20. Qg5+ f6 21. exf6+ gxf6 22. Qe3 e5 23. Qxc5+ Qxc5 24. Nxc5 Ba8 25. Nb3 a4 26. Nd2 Rc8 27. Rac1 Rc5 28. c4 dxc4 29. Bxc4 Rd8 30. Rc2 Rxd2 31. Rxd2 Rxc4 32. g3 Bd5 33. Kf1 e4 34. Ke2 Rb4 35. Rc1 Kd6 36. Rc3 e3 37. Rxe3 Nc4 38. Rd4 Kc5 39. Red3 Rxb2+ 40. Ke1 Be6 41. f4 Bf7 42. Rd8 Rxa2 43. Rc8+ Kb5 44. Rc7 Bh5 45. Rb7+ Ka6 46. Rb4 Re2+ 47. Kf1 Nd2+ 48. Kg1 Bf3 0-1

[Event "Oberliga Nord N 2122"]
[Site "Germany"]
[Date "2022.03.06"]
[Round "6.1"]
[White "Kalinitschew, Sergey"]
[Black "Zimmermann, Julian"]
[Result "1-0"]
[WhiteElo "2412"]
[BlackElo "2287"]
[PlyCount "61"]
[EventDate "2021.10.31"]
[EventType "team-tourn"]
[EventRounds "9"]
[EventCountry "GER"]
[SourceTitle "EXT 2023"]
[Source "ChessBase"]
[SourceDate "2022.10.05"]
[SourceVersion "1"]
[SourceVersionDate "2022.10.05"]
[SourceQuality "1"]
[WhiteTeam "Luebeck"]
[BlackTeam "Hamburg Koenigsspringer"]
[WhiteTeamCountry "GER"]
[BlackTeamCountry "GER"]

1. Nf3 Nf6 2. c4 b6 3. g3 Bb7 4. Bg2 g6 5. b3 Bg7 6. Bb2 0-0 7. 0-0 c5 8. d4 cxd4 9. Qxd4 d6 10. Qh4 Nbd7 11. Nc3 Rc8 12. Rad1 Nh5 13. Nd4 Bxg2 14. Kxg2 Nhf6 15. Nd5 a6 16. Nf3 b5 17. Ng5 h5 18. Bxf6 Nxf6 19. Ne4 Nxe4 20. Qxe4 e6 21. Ne3 bxc4 22. bxc4 Qa5 23. Rxd6 Qxa2 24. Rfd1 a5 25. R1d2 Qb3 26. Ra6 a4 27. Rd7 Rcd8 28. Rda7 Rd2 29. Qf3 Qb2 30. Rb7 Qa2 31. Ra8 1-0

[Event "Oberliga Nord N 2122"]
[Site "Germany"]
[Date "2021.11.20"]
[Round "3.1"]
[White "Kalinitschew, Sergey"]
[Black "Wessman, Richard"]
[Result "0-1"]
[WhiteElo "2412"]
[BlackElo "2417"]
[PlyCount "114"]
[EventDate "2021.10.31"]
[EventType "team-tourn"]
[EventRounds "9"]
[EventCountry "GER"]
[SourceTitle "EXT 2023"]
[Source "ChessBase"]
[SourceDate "2022.10.05"]
[SourceVersion "1"]
[SourceVersionDate "2022.10.05"]
[SourceQuality "1"]
[WhiteTeam "Luebeck"]
[BlackTeam "Johanneum Eppendorf"]
[WhiteTeamCountry "GER"]
[BlackTeamCountry "GER"]

1. Nf3 d5 2. d4 Nf6 3. c4 c6 4. Nbd2 Bf5 5. g3 e6 6. Bg2 Bd6 7. Qb3 Qc8 8. Nh4 Bg4 9. h3 Bh5 10. g4 Bg6 11. Nxg6 hxg6 12. g5 Ng8 13. e4 Ne7 14. h4 a5 15. a3 a4 16. Qe3 Nd7 17. Qe2 Bf4 18. Nf3 Qc7 19. 0-0 0-0 20. Re1 Nb6 21. cxd5 cxd5 22. exd5 Nbxd5 23. Ne5 Rac8 24. h5 Bxc1 25. Raxc1 Qxc1 26. Rxc1 Rxc1+ 27. Kh2 gxh5 28. Bxd5 Nxd5 29. Qxh5 Rc2 30. Kg3 Rxb2 31. g6 Rb3+ 32. Kh2 fxg6 33. Nxg6 Rxf2+ 34. Kg1 Rf5 35. Qh8+ Kf7 36. Ne5+ Rxe5 37. dxe5 Rxa3 38. Qh5+ Ke7 39. Qg5+ Kd7 40. Qxg7+ Ne7 41. Qf8 Rb3 42. Qb8 a3 43. Qa7 Nc6 44. Qa4 Rb1+ 45. Kg2 Rb2+ 46. Kg3 a2 47. Qd1+ Kc8 48. Qa4 Nxe5 49. Qa8+ Kd7 50. Kf4 Nc6 51. Ke4 Kc7 52. Kf4 b5 53. Kg5 b4 54. Qa4 b3 55. Qf4+ e5 56. Qf7+ Kb6 57. Qf1 Rg2+ 0-1

[Event "Oberliga Nord N 1920"]
[Site "Germany"]
[Date "2020.02.09"]
[Round "6.1"]
[White "Kalinitschew, Sergey"]
[Black "Gaede, Derek"]
[Result "1/2-1/2"]
[WhiteElo "2437"]
[BlackElo "2281"]
[PlyCount "92"]
[EventDate "2019.09.29"]
[EventType "team-tourn"]
[EventRounds "9"]
[EventCountry "GER"]
[SourceTitle "CBM 195 Extra"]
[Source "ChessBase"]
[SourceDate "2020.05.31"]
[SourceVersion "1"]
[SourceVersionDate "2020.05.31"]
[SourceQuality "1"]

1. Nf3 Nf6 2. c4 e6 3. g3 d5 4. b3 d4 5. Bg2 c5 6. 0-0 Nc6 7. e3 Bd6 8. exd4 cxd4 9. Re1 0-0 10. d3 e5 11. Bg5 h6 12. Bxf6 Qxf6 13. a3 a5 14. Nbd2 Qe7 15. Nxe5 Nxe5 16. f4 Bg4 17. Qc2 Qc7 18. fxe5 Bxe5 19. c5 h5 20. Nc4 Rae8 21. Qd2 Qxc5 22. Qxa5 Qxa5 23. Nxa5 b6 24. Nc4 Bc7 25. a4 Bf5 26. Be4 Bxe4 27. dxe4 Re6 28. Rad1 b5 29. axb5 Rb8 30. Rxd4 Rxb5 31. Rd3 h4 32. Kg2 hxg3 33. hxg3 Rg5 34. Rf3 Rg4 35. e5 f6 36. Rfe3 fxe5 37. Re4 Rxe4 38. Rxe4 Kf7 39. b4 Ke7 40. b5 Kd7 41. Rg4 g6 42. Kf3 e4+ 43. Ke3 Ke7 44. Nd2 Bb6+ 45. Ke2 e3 46. Nc4 Bc7 1/2-1/2

[Event "Oberliga Nord N 1920"]
[Site "Germany"]
[Date "2020.01.19"]
[Round "5.1"]
[White "Pfreundt, Jakob"]
[Black "Kalinitschew, Sergey"]
[Result "0-1"]
[WhiteElo "2413"]
[BlackElo "2437"]
[PlyCount "84"]
[EventDate "2019.09.29"]
[EventType "team-tourn"]
[EventRounds "9"]
[EventCountry "GER"]
[SourceTitle "CBM 195 Extra"]
[Source "ChessBase"]
[SourceDate "2020.05.31"]
[SourceVersion "1"]
[SourceVersionDate "2020.05.31"]
[SourceQuality "1"]

1. e4 c5 2. Nf3 Nc6 3. d4 cxd4 4. Nxd4 e5 5. Nb5 d6 6. N1c3 a6 7. Na3 b5 8. Nd5 Nf6 9. c4 b4 10. Nc2 Rb8 11. Bg5 Be7 12. Nxe7 Nxe7 13. Bxf6 gxf6 14. Qd2 b3 15. axb3 Rxb3 16. c5 dxc5 17. Qxd8+ Kxd8 18. Bc4 Rb6 19. 0-0-0+ Kc7 20. Rd3 Nc6 21. Bxf7 Nd4 22. Re1 Bb7 23. Rc3 Kd6 24. Ne3 Rb4 25. Bd5 Rb8 26. Nc4+ Kd7 27. Bxb7 R8xb7 28. Kd2 a5 29. Kd3 a4 30. Ra1 Ke6 31. Ke3 Rd7 32. Rac1 h5 33. Rd3 Nb3 34. Rcd1 Rd4 35. Nd2 Nxd2 36. R1xd2 Rxe4+ 37. Kf3 Red4 38. Rxd4 cxd4 39. h4 Kf5 40. Ke2 Rb3 41. f3 Ke6 42. Kf2 Kd5 0-1

[Event "BL2-Nord 1819"]
[Site "Germany"]
[Date "2019.02.02"]
[Round "5.1"]
[White "Perunovic, Milos"]
[Black "Kalinitschew, Sergey"]
[Result "1-0"]
[WhiteElo "2601"]
[BlackElo "2440"]
[PlyCount "61"]
[EventDate "2018.11.10"]
[EventType "team-tourn"]
[EventRounds "10"]
[EventCountry "GER"]
[SourceTitle "CBM 190 Extra"]
[Source "ChessBase"]
[SourceDate "2019.07.15"]
[SourceVersion "1"]
[SourceVersionDate "2019.07.15"]
[SourceQuality "1"]
[WhiteTeam "Lingen"]
[BlackTeam "Luebeck"]
[WhiteTeamCountry "GER"]
[BlackTeamCountry "GER"]

1. e4 e6 2. d4 d5 3. Nc3 Be7 4. exd5 exd5 5. Bf4 Nf6 6. Bd3 0-0 7. Nf3 Bg4 8. h3 Bh5 9. g4 Bg6 10. Ne5 c5 11. Bxg6 fxg6 12. Be3 Nc6 13. Nxc6 bxc6 14. dxc5 Rb8 15. b3 Qa5 16. Qd2 Bxc5 17. Bxc5 Qxc5 18. 0-0-0 Nd7 19. f4 Nb6 20. Qd4 Qa3+ 21. Kb1 c5 22. Qe5 Rfe8 23. Qd6 Rbd8 24. Qc6 d4 25. Rhe1 Rf8 26. Nb5 Qa5 27. Re5 Rxf4 28. Qxc5 d3 29. Rxd3 Rc8 30. Qa3 Rf1+ 31. Kb2 1-0

[Event "BL2-Nord 1819"]
[Site "Germany"]
[Date "2018.12.16"]
[Round "4.1"]
[White "Lauber, Arnd"]
[Black "Kalinitschew, Sergey"]
[Result "1-0"]
[WhiteElo "2434"]
[BlackElo "2440"]
[PlyCount "91"]
[EventDate "2018.11.10"]
[EventType "team-tourn"]
[EventRounds "10"]
[EventCountry "GER"]
[SourceTitle "CBM 190 Extra"]
[Source "ChessBase"]
[SourceDate "2019.07.15"]
[SourceVersion "1"]
[SourceVersionDate "2019.07.15"]
[SourceQuality "1"]
[WhiteTeam "Berlin SF II"]
[BlackTeam "Luebeck"]
[WhiteTeamCountry "GER"]
[BlackTeamCountry "GER"]

1. d4 Nf6 2. c4 c6 3. Nc3 d5 4. e3 e6 5. Nf3 Nbd7 6. Bd3 dxc4 7. Bxc4 b5 8. Be2 Bb7 9. e4 b4 10. e5 bxc3 11. exf6 cxb2 12. fxg7 Bxg7 13. Bxb2 Qa5+ 14. Nd2 Bh6 15. Qc2 Bxd2+ 16. Qxd2 Qxd2+ 17. Kxd2 Rg8 18. g3 0-0-0 19. Rhc1 Nb6 20. Ke1 Na4 21. Rab1 Nxb2 22. Rxb2 Rge8 23. Ba6 Re7 24. Rxb7 Rxb7 25. Rb1 Rdd7 26. Ke2 Kb8 27. Bxb7 Rxb7 28. Rxb7+ Kxb7 29. Kd3 Kc7 30. g4 Kd6 31. Ke4 f5+ 32. gxf5 exf5+ 33. Kxf5 Kd5 34. f4 Kxd4 35. Ke6 c5 36. f5 c4 37. f6 c3 38. f7 c2 39. f8Q c1Q 40. Qg7+ Ke4 41. Qxh7+ Kf3 42. Qb7+ Kg4 43. Qg7+ Kf3 44. Qg3+ Ke4 45. Qg4+ Kd3 46. Qf3+ 1-0

[Event "BL2-Nord 1819"]
[Site "Germany"]
[Date "2018.12.15"]
[Round "3.1"]
[White "Kalinitschew, Sergey"]
[Black "Kanarek, Marcel"]
[Result "1-0"]
[WhiteElo "2440"]
[BlackElo "2497"]
[PlyCount "103"]
[EventDate "2018.11.10"]
[EventType "team-tourn"]
[EventRounds "10"]
[EventCountry "GER"]
[SourceTitle "CBM 190 Extra"]
[Source "ChessBase"]
[SourceDate "2019.07.15"]
[SourceVersion "1"]
[SourceVersionDate "2019.07.15"]
[SourceQuality "1"]
[WhiteTeam "Luebeck"]
[BlackTeam "Ruedersdorf Glueckauf"]
[WhiteTeamCountry "GER"]
[BlackTeamCountry "GER"]

1. d4 Nf6 2. c4 g6 3. Nc3 Bg7 4. e4 d6 5. h3 0-0 6. Be3 Na6 7. g4 c5 8. Nge2 cxd4 9. Nxd4 Nc5 10. Bg2 a5 11. 0-0 a4 12. Rb1 h5 13. g5 Nh7 14. Ndb5 Bd7 15. f4 Bc6 16. b4 axb3 17. axb3 e5 18. f5 Nxg5 19. Nxd6 b6 20. b4 Ra3 21. bxc5 Rxc3 22. Qd2 Rxe3 23. Qxe3 bxc5 24. Qxc5 Qd7 25. Rb6 Ba8 26. Ra6 Rd8 27. h4 Bf8 28. Rfa1 Nxe4 29. Bxe4 Bxe4 30. Qxe5 Bg7 31. Qxe4 Bxa1 32. fxg6 fxg6 33. Qxg6+ Bg7 34. Qxh5 Rf8 35. Kg2 Qe6 36. Qd5 Qxd5+ 37. cxd5 Rf4 38. Ra8+ Kh7 39. Ra7 Kg6 40. h5+ Kxh5 41. Rxg7 Rd4 42. Rh7+ Kg5 43. Rd7 Kf6 44. Ne8+ Ke5 45. d6 Ke6 46. Re7+ Kf5 47. Kf3 Rd1 48. Ke2 Rd4 49. d7 Rd5 50. Rf7+ Ke5 51. Ng7 Rd6 52. Re7+ 1-0

[Event "Berlin Kreuzberg"]
[Site "Berlin"]
[Date "2018.08.13"]
[Round "8"]
[White "Brunello, Marina"]
[Black "Kalinitschew, Sergey"]
[Result "0-1"]
[WhiteElo "2280"]
[BlackElo "2430"]
[PlyCount "178"]
[EventDate "2018.08.06"]
[EventType "tourn"]
[EventRounds "9"]
[EventCountry "GER"]
[EventCategory "4"]
[SourceTitle "CBM 185 Extra"]
[Source "ChessBase"]
[SourceDate "2018.07.29"]
[SourceVersion "1"]
[SourceVersionDate "2018.07.29"]
[SourceQuality "1"]

1. e4 e6 2. d4 d5 3. Bd3 c5 4. exd5 exd5 5. Nf3 Nc6 6. 0-0 Nf6 7. c3 Bd6 8. Re1+ Be6 9. dxc5 Bxc5 10. b4 Bb6 11. b5 Ne7 12. Nd4 Bxd4 13. cxd4 0-0 14. Nd2 Re8 15. Nf3 h6 16. Bf4 Rc8 17. Qd2 Ne4 18. Bxe4 dxe4 19. Rxe4 Bd5 20. Re3 Nf5 21. Re5 Rxe5 22. Nxe5 f6 23. Ng4 Qe8 24. Qd3 Qe6 25. h3 Be4 26. Qd1 Rc4 27. Ne3 Rxd4 28. Qb3 Qxb3 29. axb3 Nxe3 30. Bxe3 Rd5 31. Ra4 Bc2 32. Rd4 Rxb5 33. b4 a5 34. bxa5 Rxa5 35. Kh2 Ba4 36. Rd8+ Kf7 37. Rc8 Bc6 38. Rc7+ Kg6 39. Bd4 h5 40. Be3 h4 41. Rc8 Kf5 42. Rf8 Rd5 43. Rf7 g5 44. Rf8 Rd7 45. Bb6 Bd5 46. Bd4 Rd6 47. Bc3 Rc6 48. Bd4 b5 49. Rb8 Bc4 50. Be3 Rd6 51. Bc5 Rd5 52. Bb4 Rd3 53. Rb6 Rb3 54. Bc5 Be6 55. Be7 Rb2 56. Kg1 Rb1+ 57. Kh2 Ke5 58. Ba3 f5 59. Be7 g4 60. hxg4 fxg4 61. Bxh4 b4 62. Bg3+ Kf5 63. Rb5+ Kg6 64. Be5 b3 65. f3 gxf3 66. gxf3 Bc4 67. Rb4 Bd5 68. Kg3 Kf5 69. Bd4 Rf1 70. Bf2 Rc1 71. Bd4 Rd1 72. Kf2 Rh1 73. Ke3 Rh3 74. Rb5 Rxf3+ 75. Kd2 Ke4 76. Bg7 Rf2+ 77. Kc1 Bc4 78. Rb4 Kd3 79. Rxc4 Kxc4 80. Kb1 Kb4 81. Be5 Ka4 82. Bd4 Re2 83. Bg7 b2 84. Ka2 Kb4 85. Bf6 Kc4 86. Bg7 Kd3 87. Kb1 Re7 88. Bf6 Rb7 89. Bxb2 Kd2 0-1

[Event "BL2-Nord 1718"]
[Site "Germany"]
[Date "2017.11.12"]
[Round "3.3"]
[White "Meins, Gerlef"]
[Black "Kalinitschew, Sergey"]
[Result "1-0"]
[WhiteElo "2410"]
[BlackElo "2423"]
[PlyCount "83"]
[EventDate "2017.10.08"]
[EventType "team-tourn"]
[EventRounds "9"]
[EventCountry "GER"]
[SourceTitle "CBM 183 Extra"]
[Source "ChessBase"]
[SourceDate "2018.04.19"]
[SourceVersion "1"]
[SourceVersionDate "2018.04.19"]
[SourceQuality "1"]
[WhiteTeam "Werder Bremen II"]
[BlackTeam "Kreuzberg"]
[WhiteTeamCountry "GER"]
[BlackTeamCountry "GER"]

1. d4 e6 2. c4 Bb4+ 3. Bd2 a5 4. Nf3 f5 5. g3 b6 6. Bg2 Bb7 7. 0-0 Bxd2 8. Qxd2 Nf6 9. Nc3 0-0 10. Rac1 d6 11. d5 e5 12. Ng5 Qe7 13. e4 fxe4 14. Ncxe4 Na6 15. f4 Nxe4 16. Bxe4 h6 17. Ne6 Rf6 18. Rce1 Nc5 19. Nxc5 bxc5 20. fxe5 Rxf1+ 21. Kxf1 dxe5 22. Kg1 a4 23. Bc2 a3 24. Qd3 Ra6 25. Qh7+ Kf8 26. Bg6 Rxg6 27. Qxg6 axb2 28. Rb1 Qd6 29. Qxd6+ cxd6 30. Rxb2 Ba6 31. Rc2 Ke7 32. Kf2 Kf6 33. Ke3 Kf5 34. Rf2+ Kg4 35. Kd3 e4+ 36. Kxe4 Bxc4 37. a4 Kh3 38. a5 h5 39. Rf7 g5 40. Rf6 Kxh2 41. Rxd6 Kxg3 42. a6 1-0

[Event "BL2-Nord 1718"]
[Site "Germany"]
[Date "2017.10.22"]
[Round "2.3"]
[White "Kalinitschew, Sergey"]
[Black "Kramer, Julian"]
[Result "0-1"]
[WhiteElo "2423"]
[BlackElo "2344"]
[PlyCount "58"]
[EventDate "2017.10.08"]
[EventType "team-tourn"]
[EventRounds "9"]
[EventCountry "GER"]
[SourceTitle "CBM 183 Extra"]
[Source "ChessBase"]
[SourceDate "2018.04.19"]
[SourceVersion "1"]
[SourceVersionDate "2018.04.19"]
[SourceQuality "1"]
[WhiteTeam "Kreuzberg"]
[BlackTeam "Hamburger SK II"]
[WhiteTeamCountry "GER"]
[BlackTeamCountry "GER"]

1. Nf3 Nf6 2. c4 g6 3. Nc3 d5 4. cxd5 Nxd5 5. h4 Bg7 6. h5 Nxc3 7. bxc3 c5 8. g3 b6 9. Bg2 Bb7 10. Qb3 Bd5 11. Qa4+ Qd7 12. Qf4 Qd6 13. Qa4+ Qd7 14. Qc2 Nc6 15. Rb1 0-0 16. hxg6 hxg6 17. d3 Rad8 18. Be3 c4 19. d4 e5 20. dxe5 Nxe5 21. Nxe5 Bxe5 22. Rd1 Qe6 23. Bxd5 Rxd5 24. Rxd5 Qxd5 25. 0-0 Rd8 26. f4 Bf6 27. Kf2 Kg7 28. Ke1 Qg2 29. Bf2 Qe4 0-1

[Event "GER-chT Seniors 26th"]
[Site "Templin"]
[Date "2017.10.01"]
[Round "7.9"]
[White "Buchal, Stephan"]
[Black "Kalinitschew, Sergey"]
[Result "1/2-1/2"]
[WhiteElo "2347"]
[BlackElo "2423"]
[PlyCount "21"]
[EventDate "2017.09.25"]
[EventType "team-swiss"]
[EventRounds "7"]
[EventCountry "GER"]
[SourceTitle "EXT 2019"]
[Source "ChessBase"]
[SourceDate "2018.10.10"]
[SourceVersion "1"]
[SourceVersionDate "2018.10.10"]
[SourceQuality "1"]
[WhiteTeam "Bremen"]
[BlackTeam "Berlin"]
[WhiteTeamCountry "GER"]
[BlackTeamCountry "GER"]

1. e4 d5 2. exd5 Qxd5 3. Nf3 Nf6 4. d4 Bg4 5. Be2 Nc6 6. c4 Qh5 7. Be3 0-0-0 8. Nbd2 e5 9. d5 Nd4 10. Nxd4 exd4 11. Bxg4+ 1/2-1/2

[Event "GER-ch 88th"]
[Site "Apolda"]
[Date "2017.07.01"]
[Round "9"]
[White "Kalinitschew, Sergey"]
[Black "Kollars, Dmitrij"]
[Result "0-1"]
[WhiteElo "2426"]
[BlackElo "2510"]
[PlyCount "56"]
[EventDate "2017.06.23"]
[EventType "swiss"]
[EventRounds "9"]
[EventCountry "GER"]
[SourceTitle "CBM 179 Extra"]
[Source "ChessBase"]
[SourceDate "2017.08.23"]
[SourceVersion "1"]
[SourceVersionDate "2017.08.23"]
[SourceQuality "1"]

1. d4 d5 2. c4 e6 3. Nc3 Bb4 4. e3 Nf6 5. cxd5 exd5 6. Bd3 0-0 7. Nge2 Re8 8. 0-0 Bd6 9. f3 c5 10. Bd2 b6 11. Rc1 Ba6 12. Bb1 Nbd7 13. Rf2 Nf8 14. g4 Ne6 15. Kg2 Rc8 16. Qa4 Bc4 17. b3 cxd4 18. exd4 Bxe2 19. Nxe2 Rxc1 20. Bxc1 Qb8 21. h4 b5 22. Qa5 Bf4 23. Nxf4 Nxf4+ 24. Kf1 Ne6 25. Bg5 Qg3 26. Qd2 Qh3+ 27. Kg1 Nxd4 28. Bxf6 Nxf3+ 0-1

[Event "GER-ch 88th"]
[Site "Apolda"]
[Date "2017.06.28"]
[Round "6"]
[White "Neyman, Igor"]
[Black "Kalinitschew, Sergey"]
[Result "0-1"]
[WhiteElo "2308"]
[BlackElo "2426"]
[PlyCount "118"]
[EventDate "2017.06.23"]
[EventType "swiss"]
[EventRounds "9"]
[EventCountry "GER"]
[SourceTitle "CBM 179 Extra"]
[Source "ChessBase"]
[SourceDate "2017.08.23"]
[SourceVersion "1"]
[SourceVersionDate "2017.08.23"]
[SourceQuality "1"]

1. d4 e6 2. c4 b6 3. e4 Bb7 4. Bd3 Bb4+ 5. Bd2 Bxd2+ 6. Qxd2 d6 7. Nc3 Nd7 8. Nge2 e5 9. Bc2 Ngf6 10. 0-0 0-0 11. f3 Re8 12. d5 h6 13. b4 a5 14. a3 Qe7 15. Ba4 Rec8 16. Bc6 Bxc6 17. dxc6 Nf8 18. Nd5 Qd8 19. Nec3 N6h7 20. Nb5 Ne6 21. Rfd1 Nhf8 22. Qe3 Ng6 23. Nbxc7 Rxc7 24. b5 Rb8 25. Nxb6 Rxc6 26. bxc6 Rxb6 27. Rxd6 Qxd6 28. Qxb6 Ngf4 29. Rb1 Qd2 30. Qb2 Qe3+ 31. Qf2 Qd3 32. Qb2 Qe3+ 33. Qf2 Qxa3 34. Kh1 a4 35. g3 Ng6 36. c5 Qd3 37. Rb7 Qd8 38. Qb2 Qd1+ 39. Kg2 a3 40. Qf2 Qa4 41. Qa2 Qxc6 42. Rb8+ Kh7 43. Qxa3 Nxc5 44. Qa2 Ne6 45. Rb2 Ngf4+ 46. gxf4 Nxf4+ 47. Kg3 Qg6+ 48. Kf2 Qg2+ 49. Ke3 Qg1+ 50. Kd2 Qd4+ 51. Kc2 Qd3+ 52. Kc1 Qc3+ 53. Kd1 Qxf3+ 54. Kd2 Qd3+ 55. Kc1 Qe3+ 56. Kd1 Nd3 57. Rb8 Qg1+ 58. Kc2 Qxh2+ 59. Kb1 Qg1+ 0-1